BSOP header

Rudolf Bultmann. (Record no. 18253)

MARC details
000 -LEADER
fixed length control field 00541nam a2200169 4500
008 - FIXED-LENGTH DATA ELEMENTS--GENERAL INFORMATION
fixed length control field 031119s1972 txu b 000 0beng
090 ## - LOCALLY ASSIGNED LC-TYPE CALL NUMBER (OCLC); LOCAL CALL NUMBER (OCLC)
Classification number (OCLC) (R) ; Classification number, CALL (RLIN) (NR) BX4827.B78
Local cutter number (OCLC) ; Book number/undivided call number, CALL (RLIN) As3
100 1# - MAIN ENTRY--PERSONAL NAME
Personal name Ashcraft, Morris.
245 10 - TITLE STATEMENT
Title Rudolf Bultmann.
260 ## - PUBLICATION, DISTRIBUTION, ETC. (IMPRINT)
Place of publication, distribution, etc Waco, Texas :
Name of publisher, distributor, etc Word Books,
Date of publication, distribution, etc [1972]
300 ## - PHYSICAL DESCRIPTION
Extent 123 p.
Dimensions 23 cm.
490 1# - SERIES STATEMENT
Series statement Makers of the modern theological mind
504 ## - BIBLIOGRAPHY, ETC. NOTE
Bibliography, etc Bibliography: p. 121-123.
600 14 - SUBJECT ADDED ENTRY--PERSONAL NAME
Personal name Bultmann, Rudolf Karl,
Dates associated with a name 1884-1976.
951 ## - EQUIVALENCE OR CROSS-REFERENCE-GEOGRAPHIC NAME/AREA NAME [OBSOLETE] [CAN/MARC only]
General subdivision 00005746
951 ## - EQUIVALENCE OR CROSS-REFERENCE-GEOGRAPHIC NAME/AREA NAME [OBSOLETE] [CAN/MARC only]
-- 18785
-- BX4827.B78/As3
-- 070613111325187
-- 2000-12-21
-- GC
Holdings
Withdrawn status Lost status Damaged status Not for loan Home library Current library Shelving location Date acquired Accession number Shelving control number Total Checkouts Full call number Barcode Date last seen Price effective from Koha item type
        BSOP Library BSOP Library GC 12/21/2000 18785 127   BX4827.B78/As3 00005746 02/23/2013 02/23/2013 Books
BSOP

Biblical Seminary of the Philippines
  All rights Reserved
  © 2024

CONTACT INFORMATION

Biblical Seminary of the Philippines,
  77-B Karuhatan Road, Valenzuela City,
  PHILIPPINES 1441
  Phone: +632 8292-6795 / 8292-6798
  Fax : +632 8292-6675
  Email: library@bsop.edu.ph